Länder, die an Europa grenzen - Statistiken

Allgemein
  • Dieses Quiz wurde 138 mal gespielt
  • Das Durchschnittsergebnis liegt bei 9 aus 11
Antwortstatistiken
Grenzlänge in km Kontinent 🗺 Nachbarland % Korrekt
259 Asien 🇧🇬 Türkei🇹🇷
97%
200 Asien 🇬🇷 Türkei🇹🇷
97%
649 Südamerika 🇫🇷 Brasilien🇧🇷
94%
4179 Asien 🇷🇺 China🇨🇳
88%
7644 Asien 🇷🇺 Kasachstan🇰🇿
88%
17 Afrika 🇪🇸 Marokko🇲🇦
87%
894 Asien 🇷🇺 Georgien🇬🇪
84%
3485 Asien 🇷🇺 Mongolei🇲🇳
83%
556 Südamerika 🇫🇷 Suriname🇸🇷
81%
338 Asien 🇷🇺 Aserbaidschan🇦🇿
77%
18 Asien 🇷🇺 Nordkorea🇰🇵
73%
Keine übereinstimmenden Quizze gefunden
Verteilung der Resultate
Anzahl Personen mit jedem Resultat
Perzentil nach korrekt beantworteten Fragen
Ihre Resultats-Entwicklung
Sie haben dieses Quiz noch nicht gespielt